00322nam a22001217a 4500020000800000040001600008082001500024100001700039245003800056250002900094260004800123300002900171 qPB. cFIZZA ISHAQ a301.3bDUB aDubos, Rene. aSo Human an Animal /cRene Dubos. aLibrary Lyceum Editions. aNew York: bCharles Scribner's Sons,c1968. a267 P. ;c8 x 5.5 inches